Statistics for 2016 Champions League Final Real Madrid - Atletico Madrid

Click here to take the quiz!

General Stats

  • This quiz has been taken 427 times
    (69 since last reset)
  • The average score is 23 of 30

Answer Stats

Answer % Correct
Gareth Bale
100%
Marcelo
100%
Karim Benzema
100%
Cristiano Ronaldo
98%
Sergio Ramos ¹
98%
Toni Kroos
97%
Keylor Navas
97%
Luka Modrić
95%
Jan Oblak
94%
Diego Godín
94%
Daniel Carvajal
94%
Casemiro
92%
Koke
83%
Zinedine Zidane
83%
Antoine Griezmann
83%
Pepe
80%
Saúl Ñíguez
80%
Diego Simeone
77%
Juanfran
74%
Isco
73%
Filipe Luís
73%
Lucas Vazquez
65%
Yannick Carrasco ¹
62%
Gabi
59%
Thomas Partey
58%
Stefan Savić
50%
Fernando Torres
44%
Danilo
30%
Lucas Hernandez
24%
Augusto Fernández
15%

Score Distribution

Percentile by Number Answered

Percent of People with Each Score

Your Score History

You have not taken this quiz since the last reset